SZA - Another Life (All Lyrics) - Statistics

General Stats
  • This quiz has been taken 21 times
  • The average score is 238 of 346
Answer Stats
Answer % Correct
I
100%
(I
100%
you
100%
You
100%
your
100%
a
94%
be
94%
Can't
94%
can't
94%
Don't
94%
don't
94%
is
94%
right
94%
right,
94%
wanna
94%
by
89%
time
89%
was
89%
know
83%
Know
83%
side
83%
to
83%
another
78%
boy
78%
boy?
78%
If
78%
in
78%
In
78%
life
78%
life,
78%
love
78%
me,
78%
me
78%
me)
78%
out,
78%
perfection,
78%
ride
78%
ride,
78%
Ride,
78%
the
78%
timeless
78%
we
78%
could
72%
make
72%
not
72%
Not
72%
Who
72%
who
72%
baby
67%
baby?
67%
baby,
67%
die)
67%
let
67%
night
67%
you're
67%
All
61%
and
61%
for
61%
forget)
61%
forget
61%
free
61%
fuck
61%
I'm
61%
just
61%
Just
61%
(Lovin'
61%
lovin'
61%
of
61%
on
61%
rather
61%
Self-
61%
Won't
61%
won't
61%
young
61%
gallery
56%
(I'd
56%
long
56%
lost
56%
my
56%
nervous
56%
oh,
56%
Oh,
56%
oh
56%
play
56%
respect?
56%
then,
56%
('Til
56%
'Til
56%
tryna
56%
were
56%
favorite
50%
Maybe
50%
now)
50%
now,
50%
one
50%
recover
50%
shell
50%
tryin'
50%
with
50%
but
44%
control
44%
Done
44%
gon'
44%
got
44%
how
44%
it's
44%
marry
44%
Promise
44%
template
44%
that
44%
thing
44%
us
44%
align
39%
back
39%
care
39%
chase
39%
Coming
39%
friends,
39%
him
39%
lifetime,
39%
Mine,
39%
mine,
39%
mine
39%
stars
39%
taking,
39%
throw
39%
you'll
39%
break
33%
gone,
33%
tonight
33%
both
28%
carriage
28%
dumber
28%
kind
28%
mornings,
28%
too
28%
fit
22%
God
22%
I'll
22%
risk
22%
surface
22%
wait
22%
would
22%
Flakin'
17%
staying
17%
as
11%
or
11%
stays
11%
come
6%
Did
6%
line
6%
start
6%
we'll
6%
up
0%
No matching quizzes found
Score Distribution
Percent of People with Each Score
Percentile by Number Answered
Your Score History
You have not taken this quiz